[Event "Titled Tue 10th Jun Early"]
[Site "chess.com INT"]
[Date "2025.06.10"]
[Round "10"]
[White "Skliarov, Viktor"]
[Black "Shymanskyi, Oleksandr"]
[Result "1-0"]
[WhiteTitle "IM"]
[BlackTitle "FM"]
[WhiteElo "2334"]
[BlackElo "2218"]
[WhiteFideId "14106736"]
[BlackFideId "14168880"]
[EventDate "2025.06.10"]

1. e4 c6 2. d4 d5 3. e5 Bf5 4. Nf3 e6 5. Be2 Ne7 6. O-O Ng6 7. a4 a5 8. c3 Be7
9. Na3 O-O 10. Nc2 f6 11. exf6 Bxf6 12. Ne3 Be4 13. Nd2 Bf5 14. g4 Be4 15. f3
Bg5 16. Ng2 Nf4 17. fxe4 Nh3+ 18. Kh1 Nf2+ 19. Rxf2 Rxf2 20. e5 Rf8 21. Nf3 Be7
22. Be3 Qd7 23. Bd3 b6 24. Qe2 c5 25. Nf4 c4 26. Bc2 Nc6 27. Qg2 Rf7 28. Bxh7+
Kxh7 29. Qh3+ Kg8 30. Ng6 Rxf3 31. Qxf3 Qe8 32. Nf4 Qf7 33. Rf1 Rf8 34. Kg2 g5
35. Nh3 Qg6 36. Qe2 Qe4+ 37. Kg1 Rxf1+ 38. Kxf1 Qh1+ 39. Bg1 Nd8 40. Qg2 Qxg2+
41. Kxg2 Nf7 42. Be3 Kg7 43. Kf3 Kg6 44. Ng1 Nh6 45. Ne2 Nf7 46. Ng3 Nh6 47. Nf1
Nf7 48. Nd2 Nh6 49. b3 cxb3 50. Nxb3 Nf7 51. Nd2 Nd8 52. c4 Bb4 53. cxd5 Bxd2
54. Bxd2 exd5 55. Kg3 Ne6 56. Be3 Nd8 57. h4 gxh4+ 58. Kxh4 Ne6 59. Kg3 Nd8 60.
Kf3 Ne6 61. Ke2 Nd8 62. Kd3 Kf7 63. Bc1 Ke6 64. Ba3 1-0

[Event "Titled Tue 10th Jun Early"]
[Site "chess.com INT"]
[Date "2025.06.10"]
[Round "10"]
[White "Urazayev, Arystanbek"]
[Black "Sieciechowicz, Marcin"]
[Result "1/2-1/2"]
[WhiteTitle "IM"]
[BlackTitle "IM"]
[WhiteElo "2490"]
[BlackElo "2413"]
[WhiteFideId "13709810"]
[BlackFideId "1130170"]
[EventDate "2025.06.10"]

1. d4 Nf6 2. c4 b6 3. Nc3 Bb7 4. Qc2 Nc6 5. Nf3 Nb4 6. Qb1 Bxf3 7. gxf3 g6 8. e3
Bg7 9. f4 e6 10. Bg2 Rb8 11. a3 Nc6 12. h4 Ne7 13. Qd3 d5 14. cxd5 exd5 15. Bd2
c6 16. Ne2 c5 17. Bc3 c4 18. Qc2 Nf5 19. Ng3 Nxg3 20. fxg3 O-O 21. Bf3 Re8 22.
Kf2 Ne4+ 23. Kg2 Nd6 24. Rae1 Nf5 25. Kf2 h5 26. Bxh5 Nxe3 27. Rxe3 Rxe3 28.
Kxe3 gxh5 29. Re1 Qd7 30. Kf2 Qh3 31. Qd1 Qf5 32. a4 b5 33. axb5 Rxb5 34. Qa4
Rb6 35. Re2 Rg6 36. Re3 Kh7 37. Qd1 Kh6 38. Qf3 Bf6 39. Re2 Kg7 40. Re3 a6 41.
Re2 Qh3 42. f5 Rxg3 43. Qxd5 Bxh4 44. f6+ Bxf6 45. Ke1 Rd3 46. Rg2+ Kh7 47. Qe4+
Kh6 48. Qf4+ Kh7 49. Qe4+ Kh6 50. Bd2+ Rxd2 51. Rxd2 Qg3+ 52. Kd1 Bg5 53. Rg2
Qb3+ 54. Qc2 Qf3+ 55. Qe2 Qf5 56. Qxc4 Qb1+ 57. Ke2 Qe4+ 58. Kf1 Qf3+ 59. Rf2
Qh1+ 60. Ke2 Qe4+ 61. Kf1 Qh1+ 62. Ke2 Qe4+ 63. Kd1 Qb1+ 64. Ke2 Qe4+ 1/2-1/2

[Event "Titled Tue 10th Jun Early"]
[Site "chess.com INT"]
[Date "2025.06.10"]
[Round "10"]
[White "Dumanuly, Sultanbeibarys"]
[Black "Buchenau, Frank"]
[Result "1-0"]
[WhiteTitle "FM"]
[BlackTitle "FM"]
[WhiteElo "2212"]
[BlackElo "2205"]
[WhiteFideId "13731963"]
[BlackFideId "4604350"]
[EventDate "2025.06.10"]

1. e4 e6 2. d4 d5 3. Nd2 c5 4. exd5 Qxd5 5. Ngf3 cxd4 6. Bc4 Qd6 7. O-O Nf6 8.
Nb3 Nc6 9. Nbxd4 Nxd4 10. Nxd4 a6 11. Re1 Qc7 12. Bf1 Bd6 13. Nf5 Bxh2+ 14. Kh1
Kf8 15. g3 exf5 16. Kxh2 Be6 17. Bf4 Qb6 18. Be3 Ng4+ 19. Kg1 Nxe3 20. Rxe3 Rd8
21. Qe1 g6 22. Qc3 Qd4 23. Qa3+ Qd6 24. Qc3 Qd4 25. Qa3+ Kg7 26. Rae1 Rhe8 27.
Bg2 Rd7 28. Rd3 Qf6 29. Rxd7 Bxd7 30. Rxe8 Bxe8 31. Bxb7 f4 32. gxf4 Qxf4 33.
Qc3+ f6 34. Bg2 h5 35. Qe3 Qg4 36. Qxe8 Qd1+ 37. Kh2 Qd6+ 38. f4 Qxf4+ 39. Kg1
Qc1+ 40. Kf2 Qxc2+ 41. Qe2 Qc5+ 42. Qe3 Qc2+ 43. Qe2 Qc5+ 44. Kg3 Qd6+ 45. Kh3
Qd7+ 46. Kh2 Qc7+ 47. Kg1 Qc1+ 48. Bf1 Qg5+ 49. Kf2 Qc5+ 50. Ke1 Qc1+ 51. Kf2
Qc5+ 52. Qe3 Qc2+ 53. Be2 Qxb2 54. a4 a5 55. Qa7+ Kh6 56. Qe3+ Kg7 57. Qe7+ Kh6
58. Qf8+ Kg5 59. Qc5+ f5 60. Qxa5 h4 61. Qd8+ Kf4 62. Qxh4+ 1-0

[Event "Titled Tue 10th Jun Early"]
[Site "chess.com INT"]
[Date "2025.06.10"]
[Round "10"]
[White "Boramanikar, Tanisha S"]
[Black "Montenegro Mancera, Juan Rolando"]
[Result "1-0"]
[WhiteTitle "WCM"]
[BlackTitle "FM"]
[WhiteElo "1743"]
[BlackElo "2038"]
[WhiteFideId "35023454"]
[BlackFideId "4403444"]
[EventDate "2025.06.10"]

1. e4 e6 2. d3 d5 3. Nd2 c5 4. Ngf3 Nc6 5. g3 Nf6 6. Bg2 Be7 7. O-O b6 8. Re1
Bb7 9. e5 Nd7 10. Nf1 Qc7 11. Bf4 O-O-O 12. c3 h6 13. h4 Rdg8 14. d4 g5 15. hxg5
hxg5 16. Bd2 Kb8 17. Qc1 g4 18. Ng5 Bxg5 19. Bxg5 cxd4 20. cxd4 Nxd4 21. Qf4
Nf3+ 22. Bxf3 gxf3 23. Be7 Ka8 24. Rac1 Bc6 25. Bd6 Qb7 26. Qxf7 Nc5 27. Qxb7+
Nxb7 28. Rxc6 Rh7 29. Nh2 Rgh8 30. Nxf3 Na5 31. Rc7 Rh5 32. Kg2 Nc4 33. b3 Nb2
34. Nh4 Nd3 35. Rd1 Nf4+ 36. Kf3 Nh3 37. Rdc1 Ng5+ 38. Kg2 Ne4 39. Rc8+ Rxc8 40.
Rxc8+ Kb7 41. Rc7+ Ka6 42. a4 Nd2 43. Rg7 Nxb3 44. Bb8 Ka5 45. Rxa7+ Kb4 46. Re7
Rh6 47. Nf3 Rg6 48. Bd6+ Kxa4 49. Nh4 Rh6 50. f4 d4 51. Nf3 d3 52. Ra7+ Kb5 53.
Ra3 Kc4 54. Ra4+ Kb5 55. Rb4+ Kc6 56. Rxb3 d2 57. Nxd2 Rh8 58. Rc3+ Kd5 59. Ne4
Kxe4 60. Rc7 Ra8 61. Re7 Kf5 62. Rf7+ Kg4 63. Rg7+ Kf5 64. Kf3 Ra3+ 65. Bxa3 b5
66. Rg5# 1-0

[Event "Titled Tue 10th Jun Early"]
[Site "chess.com INT"]
[Date "2025.06.10"]
[Round "10"]
[White "Levitan, Caleb Levi"]
[Black "Kosteniuk, Alexandra"]
[Result "1-0"]
[WhiteTitle "FM"]
[BlackTitle "GM"]
[WhiteElo "2399"]
[BlackElo "2474"]
[WhiteFideId "14332620"]
[BlackFideId "4128125"]
[EventDate "2025.06.10"]

1. e4 c6 2. d4 d5 3. e5 c5 4. Nf3 Nc6 5. dxc5 Bg4 6. Be3 Bxf3 7. Qxf3 Nxe5 8.
Bb5+ Nc6 9. c3 Nf6 10. O-O e6 11. b4 Be7 12. Nd2 O-O 13. Bxc6 bxc6 14. Bd4 Nd7
15. Rfe1 Bf6 16. Bxf6 Qxf6 17. Qxf6 gxf6 18. Nf3 a5 19. Nd4 Rfc8 20. a3 f5 21.
f3 Kg7 22. Kf2 Kf6 23. f4 Ra6 24. Nb3 axb4 25. axb4 Rca8 26. Rxa6 Rxa6 27. Ra1
Rxa1 28. Nxa1 Ke7 29. Nb3 Nf6 30. Ke3 Ng4+ 31. Kd4 f6 32. h3 e5+ 33. Kd3 Nf2+
34. Kc2 Ne4 35. c4 d4 36. b5 Kd7 37. b6 h5 38. Kd3 h4 39. Ke2 Nc3+ 40. Kd3 Na4
41. fxe5 fxe5 42. Kd2 Kc8 43. Kd3 Nb2+ 44. Kc2 Nxc4 45. Kd3 Nb2+ 46. Ke2 Na4 47.
Kd3 Kb8 48. Kc4 Nb2+ 49. Kb4 Nd3+ 50. Kc4 Nb2+ 51. Kb4 f4 52. Na5 Nd3+ 53. Kc4
Nb2+ 54. Kb3 Nd1 55. Nxc6+ Kb7 56. Na5+ Ka6 57. b7 Ka7 58. c6 Kb8 59. Kc4 Ne3+
60. Kb5 d3 61. Nb3 e4 62. Nc5 Ka7 63. Na6 1-0

[Event "Titled Tue 10th Jun Early"]
[Site "chess.com INT"]
[Date "2025.06.10"]
[Round "10"]
[White "Mitrabha, Guha"]
[Black "Vasquez Schroeder, Rodrigo"]
[Result "0-1"]
[WhiteTitle "GM"]
[BlackTitle "GM"]
[WhiteElo "2515"]
[BlackElo "2446"]
[WhiteFideId "5057000"]
[BlackFideId "3400042"]
[EventDate "2025.06.10"]

1. Nf3 c5 2. g3 b6 3. Bg2 Bb7 4. b3 Nf6 5. Bb2 e6 6. O-O Be7 7. c4 O-O 8. Nc3 d6
9. d3 a6 10. Qd2 Qc7 11. Rac1 Nbd7 12. Rfd1 Rac8 13. e3 Rfd8 14. Qe2 Qb8 15. h3
h6 16. Ne1 b5 17. f4 bxc4 18. dxc4 d5 19. cxd5 exd5 20. Nxd5 Nxd5 21. Bxd5 Bf6
22. Ba3 Nb6 23. Bxb7 Qxb7 24. Rxd8+ Rxd8 25. Bxc5 Nd5 26. Qc4 Rc8 27. Qe4 Qd7
28. Qd3 Qe6 29. Rc2 Nc3 30. Rxc3 Bxc3 31. Qxc3 Qd5 32. b4 a5 33. a3 axb4 34.
axb4 Qd1 35. e4 Rd8 36. Bf2 Rd2 37. b5 Qe2 38. Qe3 Qd1 39. b6 Rb2 40. Kg2 Qb1
41. Nf3 Rb3 42. Qe2 Rb2 43. Qe3 Qc2 44. h4 Rb4 45. e5 Qc6 46. Qc5 Qe4 47. Qc8+
Kh7 48. Qc3 Rb1 49. h5 Kg8 50. Qc8+ Kh7 51. Qc3 Kg8 52. Qe3 Qd5 53. Kh2 Rb3 54.
Qd4 Qxf3 55. Qd8+ Kh7 56. Qd2 Qe4 57. Qd4 Qc2 58. e6 fxe6 59. Kg2 Rb2 60. Qe3
Qc6+ 61. Kh2 Qd5 62. Kh3 Rb1 63. Kg4 Rb4 64. Qe5 Qxe5 0-1

[Event "Titled Tue 10th Jun Early"]
[Site "chess.com INT"]
[Date "2025.06.10"]
[Round "10"]
[White "Kulnev, Aleksandr"]
[Black "Rabin, Evan"]
[Result "1/2-1/2"]
[WhiteTitle "CM"]
[WhiteElo "2213"]
[BlackElo "1945"]
[WhiteFideId "54157544"]
[BlackFideId "2028670"]
[EventDate "2025.06.10"]

1. Nf3 Nf6 2. g3 d5 3. Bg2 c6 4. O-O Bg4 5. Ne5 Bf5 6. d4 Nbd7 7. Nf3 e6 8. c4
Be7 9. b3 O-O 10. Nc3 Ne4 11. Bb2 a5 12. Nd2 Nxc3 13. Bxc3 Nf6 14. Re1 Bb4 15.
Qc1 Qb6 16. c5 Qc7 17. a3 Bxc3 18. Qxc3 b6 19. b4 b5 20. f3 Bg6 21. Nb3 a4 22.
Nc1 Rfe8 23. f4 Be4 24. Nd3 Bxg2 25. Kxg2 Ne4 26. Qc2 f6 27. Nf2 Nxf2 28. Kxf2
e5 29. e3 Re7 30. Qf5 Rae8 31. Rad1 Qd7 32. Qxd7 Rxd7 33. dxe5 fxe5 34. Rd3 Rde7
35. Red1 exf4 36. gxf4 Re4 37. Re1 Kf7 38. Re2 Kf6 39. Kf3 Kf5 40. Rg2 g6 41. h4
Kf6 42. Re2 Rc4 43. Re1 Rc2 44. e4 dxe4+ 45. Rxe4 Rf2+ 46. Kxf2 Rxe4 47. Rd6+
Re6 48. Rd7 h5 49. Kf3 Re1 50. Rd6+ Re6 51. Rd1 Kf5 52. Rd8 Kf6 53. Rf8+ Kg7 54.
Rc8 Kf6 55. Rd8 Kg7 56. Rd1 Kf6 57. Rg1 Kf5 58. Rg5+ Kf6 59. f5 gxf5 60. Rxh5
Ke5 61. Ke3 Rg6 62. Rg5 Rh6 63. h5 Rh8 64. Rg6 Rxh5 65. Rxc6 Rh3+ 66. Ke2 Rxa3
67. Rb6 Rb3 68. Rxb5 a3 69. Ra5 f4 70. c6+ Kd6 71. b5 f3+ 72. Kf2 Kc7 73. Ra7+
Kd6 74. Ra5 Rc3 75. Ra7 Rb3 76. Rd7+ Ke6 77. Ra7 Rxb5 78. c7 Rc5 79. Kxf3 a2 80.
Rxa2 Rxc7 81. Re2+ Kf5 82. Re3 Rc4 83. Ke2 Kf4 84. Rf3+ Kg4 85. Re3 Rc2+ 86. Kd3
Ra2 87. Re2 Ra3+ 88. Kd2 Kf3 89. Re8 Ra2+ 90. Kd3 Ra3+ 91. Kd2 Ra7 92. Kd3 Rd7+
93. Kc4 Rc7+ 94. Kd3 Rd7+ 95. Kc4 Rc7+ 96. Kd3 Rd7+ 1/2-1/2

[Event "Titled Tue 10th Jun Early"]
[Site "chess.com INT"]
[Date "2025.06.10"]
[Round "10"]
[White "Tabatabaei, M. Amin"]
[Black "Matinian, Nikita"]
[Result "1/2-1/2"]
[WhiteTitle "GM"]
[BlackTitle "GM"]
[WhiteElo "2655"]
[BlackElo "2421"]
[WhiteFideId "12521213"]
[BlackFideId "24129100"]
[EventDate "2025.06.10"]

1. e4 e5 2. Nf3 Nc6 3. Bb5 a6 4. Ba4 Bc5 5. O-O d6 6. d4 exd4 7. Nxd4 Bd7 8. Be3
Bxd4 9. Bxd4 Nf6 10. Bxc6 Bxc6 11. Nc3 O-O 12. Qf3 Nd7 13. Qg3 f6 14. Rad1 Re8
15. Rfe1 Qe7 16. b3 Qf7 17. f3 Re7 18. Ne2 Rae8 19. Nf4 Ne5 20. h4 f5 21. exf5
Qxf5 22. Nd3 Bxf3 23. Rf1 Qg4 24. Qxg4 Bxg4 25. Rd2 Nxd3 26. cxd3 Re2 27. Rf2
Rxd2 28. Rxd2 c5 29. Bc3 Re1+ 30. Kf2 Rc1 31. Bb2 Rb1 32. d4 b5 33. dxc5 dxc5
34. Kg3 h5 35. Kf4 c4 36. bxc4 bxc4 37. Ke5 Re1+ 38. Kd5 Be2 39. Bc3 Bf1 40. Kc5
Re4 41. a4 Rxh4 42. Kb6 Rg4 43. Kxa6 Rxg2 44. Rd8+ Kh7 45. Rd1 Be2 46. Rc1 h4
47. Kb6 h3 48. Be5 h2 49. Rh1 Rg6+ 50. Kc5 Rh6 51. a5 c3 52. Rxh2 c2 53. Rxh6+
Kxh6 54. Bb2 Kg5 55. Kd4 Kf4 56. Kc3 Kf3 57. Kxc2 g5 58. Be5 g4 59. Kd2 Ba6 60.
Kc3 g3 61. Kb4 g2 62. Bd4 Ke2 63. Kc5 Kf1 64. Kc6 Be2 65. Kd5 g1=Q 66. Bxg1 Kxg1
67. Ke4 Kf1 68. Ke3 Ke1 69. Kd4 Kd2 70. Ke4 Bd3+ 71. Kd4 Kc2 72. a6 Bxa6 1/2-1/2

[Event "Titled Tue 10th Jun Early"]
[Site "chess.com INT"]
[Date "2025.06.10"]
[Round "10"]
[White "Bulgak, Damir"]
[Black "Ternault, Mathieu"]
[Result "1-0"]
[BlackTitle "FM"]
[WhiteElo "2213"]
[BlackElo "2275"]
[WhiteFideId "13528882"]
[BlackFideId "20641532"]
[EventDate "2025.06.10"]

1. d4 d5 2. c4 e6 3. Nc3 Bb4 4. Nf3 Nf6 5. Bg5 h6 6. Bh4 c6 7. e3 Qa5 8. Qb3 Ne4
9. Rc1 O-O 10. Bd3 Nxc3 11. bxc3 Bd6 12. O-O dxc4 13. Qxc4 Nd7 14. Qb3 Qc7 15.
e4 e5 16. Bg3 Re8 17. Rfe1 a6 18. a4 Qa5 19. Rcd1 b5 20. axb5 axb5 21. c4 Qb4
22. Qc2 Ra3 23. cxb5 Rc3 24. Qd2 exd4 25. bxc6 Rxc6 26. Qxb4 Bxb4 27. Nxd4 Rc3
28. Re3 Ne5 29. Bxe5 Rxe5 30. Nf3 Rec5 31. e5 Be6 32. h4 Rc8 33. Kh2 Rd8 34. Kg3
Bc5 35. Bh7+ Kxh7 36. Rxd8 Bxe3 37. fxe3 Rxe3 38. Kf4 Re2 39. g4 Rg2 40. g5 Rg4+
41. Ke3 h5 42. Rd6 Kg6 43. Rd8 Kf5 44. Rg8 Re4+ 45. Kf2 Kf4 46. Rxg7 Re3 47. Nh2
Ra3 48. Nf1 Bg4 49. Ke1 Ra2 50. Nd2 Ke3 51. Nf1+ Kd3 52. Ng3 Ra1+ 53. Kf2 Ra2+
54. Kg1 Ke3 55. Rxf7 Ra1+ 56. Nf1+ Ke2 57. Kg2 Ra3 58. e6 Bf3+ 59. Rxf3 Rxf3 60.
e7 Rf2+ 61. Kh3 Rxf1 62. e8=Q+ Kf3 63. Qxh5+ Kf4 64. Qf7+ Ke3 65. Qxf1 1-0

[Event "Titled Tue 10th Jun Early"]
[Site "chess.com INT"]
[Date "2025.06.10"]
[Round "10"]
[White "Goh, Zi Han"]
[Black "Gibala, Adam"]
[Result "0-1"]
[WhiteTitle "FM"]
[BlackTitle "CM"]
[WhiteElo "2275"]
[BlackElo "2245"]
[WhiteFideId "5819156"]
[BlackFideId "21070288"]
[EventDate "2025.06.10"]

1. c4 e5 2. a3 d6 3. b4 a5 4. b5 c6 5. Bb2 Nf6 6. g3 Nbd7 7. Bg2 Qb6 8. Nc3 Nc5
9. Qc2 Be6 10. d3 Be7 11. e3 d5 12. d4 exd4 13. exd4 Nce4 14. c5 Qc7 15. Nge2
Nxc3 16. Nxc3 h5 17. Bc1 h4 18. Bf4 Qd8 19. Rb1 Nd7 20. gxh4 Rxh4 21. Qd2 a4 22.
bxc6 bxc6 23. Rb4 Bh3 24. Bxh3 Rxh3 25. Bg3 Kf8 26. O-O Nf6 27. Rxa4 Rxa4 28.
Nxa4 Ne4 29. Qf4 g6 30. Nb6 Kg7 31. a4 Bg5 32. Qe5+ Bf6 33. Qf4 Bxd4 34. Rc1
Bxc5 35. Rxc5 Qxb6 36. Qe5+ Kh7 37. Rc1 Rh5 38. Qf4 Rf5 39. Qh4+ Kg7 40. a5 Qxa5
41. Rb1 Qc5 42. Qg4 Nxf2 43. Qe2 Ne4+ 44. Kg2 Nxg3 45. hxg3 Qd6 46. Rh1 Qe5 47.
Qd2 Qe4+ 48. Kg1 Qf3 49. Qh6+ Kf6 50. Qh8+ Ke7 51. Qh4+ Rf6 52. Kh2 Qe2+ 53. Kh3
Qe6+ 54. Kh2 Qe2+ 55. Kh3 Qe4 56. Qg5 Qf5+ 57. Qxf5 Rxf5 58. Re1+ Kd6 59. g4
Rf3+ 60. Kg2 Rf4 61. Kg3 g5 62. Rh1 f6 63. Rh6 d4 64. Kg2 Kd5 65. Rh3 c5 66. Kh1
c4 67. Ra3 c3 68. Ra5+ Kc4 69. Ra8 c2 70. Rc8+ Kd3 71. Rxc2 Kxc2 0-1

[Event "Titled Tue 10th Jun Early"]
[Site "chess.com INT"]
[Date "2025.06.10"]
[Round "10"]
[White "Gutman, Gennadi"]
[Black "Shapiro, Daniel"]
[Result "0-1"]
[WhiteTitle "GM"]
[BlackTitle "FM"]
[WhiteElo "2445"]
[BlackElo "2284"]
[WhiteFideId "14102277"]
[BlackFideId "2001780"]
[EventDate "2025.06.10"]

1. e4 c5 2. Nf3 Nc6 3. c3 d5 4. exd5 Qxd5 5. d4 Bg4 6. Be2 Nf6 7. O-O e6 8. Bg5
Bxf3 9. Bxf3 Qxg5 10. Qb3 O-O-O 11. Na3 Bd6 12. Nb5 Bb8 13. Rfe1 Qf4 14. Re5
Bxe5 15. dxe5 Qxe5 16. Bxc6 bxc6 17. Nxa7+ Kc7 18. Qa4 Qe4 19. Qa5+ Kd7 20. Qxc5
Qd5 21. Qe3 Ke7 22. h3 Ra8 23. c4 Qd6 24. Qb6 Rhe8 25. c5 Qd5 26. Nxc6+ Kf8 27.
Nb4 Qd4 28. Nc6 Qe4 29. Rd1 Rec8 30. Qb7 Qxc6 31. Rd8+ Ne8 32. Qxc6 Rxc6 33.
Rxa8 Rxc5 34. b4 Rb5 35. a3 Ke7 36. Ra7+ Kf6 37. Kf1 Nd6 38. Ke2 Nf5 39. Kd3 e5
40. Kc4 Rb8 41. Ra6+ Kg5 42. b5 Nd4 43. a4 Rc8+ 44. Kd5 f6 45. g3 Nb3 46. Rc6
Ra8 47. Rc4 Na5 48. h4+ Kg6 49. Rb4 Kf5 50. Kc5 Nb7+ 51. Kb6 Na5 52. Rb1 g5 53.
Rb4 h5 54. hxg5 fxg5 55. f3 g4 56. fxg4+ hxg4 57. Kc7 e4 58. b6 e3 59. b7 Nxb7
60. Kxb7 Re8 61. Rb1 e2 62. Re1 Re3 63. a5 Ke4 64. a6 Kf3 65. a7 Ra3 66. a8=Q
Rxa8 67. Kxa8 Kf2 68. Rh1 e1=Q 69. Rxe1 Kxe1 70. Kb7 Kf2 71. Kc6 Kxg3 72. Kd5
Kf2 73. Kd4 g3 74. Ke4 g2 0-1

[Event "Titled Tue 10th Jun Early"]
[Site "chess.com INT"]
[Date "2025.06.10"]
[Round "10"]
[White "Birkisson, Bardur Orn"]
[Black "Arkell, Keith C"]
[Result "0-1"]
[WhiteTitle "FM"]
[BlackTitle "GM"]
[WhiteElo "2280"]
[BlackElo "2343"]
[WhiteFideId "2310597"]
[BlackFideId "400270"]
[EventDate "2025.06.10"]

1. d4 e6 2. Nf3 Nf6 3. Bf4 c5 4. e3 cxd4 5. exd4 Be7 6. c3 O-O 7. Bd3 b6 8. O-O
Ba6 9. Bxa6 Nxa6 10. Nbd2 Nc7 11. Nc4 d6 12. a4 Ncd5 13. Bd2 a6 14. Qe2 Qd7 15.
Ne3 b5 16. axb5 axb5 17. Nxd5 Nxd5 18. b3 Nf6 19. c4 bxc4 20. bxc4 h6 21. h3
Rfc8 22. Be3 Qc7 23. Nd2 Rxa1 24. Rxa1 Qb7 25. Qd3 Ra8 26. Rc1 Qa6 27. g3 d5 28.
Qb3 dxc4 29. Qxc4 Qxc4 30. Rxc4 Nd5 31. Nf1 g5 32. Kg2 Kg7 33. Rc1 Ra2 34. Kf3
Bf6 35. Rd1 Ra3 36. Ke2 Nc3+ 37. Kd2 Nxd1 38. Kxd1 h5 39. Ke2 Kg6 40. Nd2 Ra2
41. g4 h4 42. Kd3 Ra3+ 43. Ke2 Be7 44. Nf3 Ra1 45. Ne5+ Kg7 46. Kf3 f6 47. Nc6
Bd6 48. Nd8 e5 49. dxe5 Bxe5 50. Nc6 Bc3 51. Ne7 Kf7 52. Nf5 Be5 53. Nh6+ Ke6
54. Nf5 Ra2 55. Kg2 Kd5 56. Ne7+ Ke4 57. Nc6 Bf4 58. Bd4 Kd5 59. Nb4+ Kxd4 60.
Nxa2 Kc4 61. Kf3 Kb3 62. Ke4 Kxa2 63. Kf5 Be5 64. f4 Bxf4 65. Kxf6 Kb3 66. Kf5
Kc3 67. Ke4 Kd2 68. Kf3 Kd3 69. Kf2 Kd2 70. Kg2 Ke2 71. Kg1 Kf3 72. Kh1 Kg3 73.
Kg1 Kxh3 74. Kh1 Kxg4 75. Kg2 h3+ 76. Kh1 Kf3 77. Kg1 g4 78. Kh1 g3 79. Kg1 Be3+
80. Kh1 g2+ 81. Kh2 g1=Q+ 82. Kxh3 Qg3# 0-1

[Event "Titled Tue 10th Jun Early"]
[Site "chess.com INT"]
[Date "2025.06.10"]
[Round "10"]
[White "Suvradeepta, Das"]
[Black "El Zein, Zayne-Eddine"]
[Result "1-0"]
[WhiteTitle "FM"]
[BlackTitle "CM"]
[WhiteElo "2230"]
[BlackElo "2194"]
[WhiteFideId "5058031"]
[BlackFideId "5313210"]
[EventDate "2025.06.10"]

1. d4 d6 2. e4 Nf6 3. Nc3 e5 4. dxe5 dxe5 5. Qxd8+ Kxd8 6. f3 Be6 7. Bg5 Nd7 8.
O-O-O Kc8 9. Kb1 c6 10. Nge2 h6 11. Be3 Bc5 12. Bxc5 Nxc5 13. Nc1 Kc7 14. Nd3
Nxd3 15. Bxd3 Rhd8 16. Kc1 a5 17. Rd2 a4 18. Rhd1 Nd7 19. a3 Nc5 20. Be2 h5 21.
g3 g6 22. Rxd8 Rxd8 23. Rxd8 Kxd8 24. Kd2 Ke7 25. Ke3 Kd6 26. Nb1 Nd7 27. Nd2 b5
28. f4 exf4+ 29. gxf4 f6 30. Bd3 Ke7 31. Nf3 Nc5 32. Kd4 Nb7 33. Ke3 Nd6 34. e5
Nf5+ 35. Bxf5 Bxf5 36. Nd4 Bd7 37. Ne2 fxe5 38. fxe5 c5 39. h4 Ke6 40. Kf4 b4
41. Ng3 Kd5 42. Ne4 Bf5 43. Nf6+ Ke6 44. c3 bxc3 45. bxc3 Bb1 46. Ne4 Kd5 47.
c4+ Kd4 48. Nd6 g5+ 49. hxg5 h4 50. e6 h3 51. e7 h2 52. e8=Q Kc3 53. Qe3+ Bd3
54. Qe1+ Kd4 55. Qh1 Bxc4 56. Qxh2 Bd3 57. Qf2+ Kc3 58. Qe3 c4 59. Qe5+ Kb3 60.
Ne4 Kxa3 61. Nc3 Kb3 62. g6 a3 63. g7 a2 64. Nxa2 Kxa2 65. g8=Q Kb3 66. Qgb8+
Kc2 67. Qbc7 Kd2 68. Qca5+ Kc2 69. Qac3+ Kb1 70. Qee1+ Ka2 71. Qea1# 1-0

[Event "Titled Tue 10th Jun Early"]
[Site "chess.com INT"]
[Date "2025.06.10"]
[Round "10"]
[White "Yushko, Olga"]
[Black "Daspres, Loic"]
[Result "1-0"]
[WhiteTitle "WFM"]
[BlackTitle "CM"]
[WhiteElo "2033"]
[BlackElo "2207"]
[WhiteFideId "14114500"]
[BlackFideId "20612281"]
[EventDate "2025.06.10"]

1. d4 Nf6 2. c4 e6 3. Nc3 Bb4 4. f3 c5 5. e3 O-O 6. Bd3 d5 7. Ne2 dxc4 8. Bxc4
cxd4 9. Qxd4 Nc6 10. Qxd8 Rxd8 11. a3 Bc5 12. b4 Bb6 13. Na4 Ne5 14. Nxb6 axb6
15. Bb5 Bd7 16. Bxd7 Rxd7 17. Nd4 Nd3+ 18. Ke2 Nxb4 19. Rb1 Nc6 20. Rxb6 Nxd4+
21. exd4 Rxd4 22. Rxb7 Nd5 23. Bb2 Rc4 24. Rc1 Rxc1 25. Bxc1 h5 26. Kd3 Ra4 27.
Kc2 h4 28. Kb3 Ra8 29. a4 h3 30. gxh3 f6 31. Bd2 Kh7 32. a5 Kg6 33. Ka4 e5 34.
Kb5 Kf5 35. Kc6 Ke6 36. Rxg7 Rc8+ 37. Kb7 Rc2 38. Rg2 Rb2+ 39. Ka7 Nf4 40. Rf2
Nd3 41. Rg2 Nf4 42. Rf2 Nxh3 43. Re2 Nf4 44. Rf2 Nd3 45. Rg2 Kd5 46. h4 Nf4 47.
Rh2 Nh5 48. Bf4 Rxh2 49. Bxh2 f5 50. a6 e4 51. fxe4+ fxe4 52. Bg1 Ng3 53. Kb7
Ne2 54. Bf2 Nf4 55. a7 Nd3 56. Be3 Nb4 57. a8=Q Kc4 58. Qc8+ Kd3 59. Qc5 Nc2 60.
Bf2 e3 61. Bxe3 Nxe3 62. h5 Ke4 63. h6 Nd5 64. h7 Nf4 65. h8=Q Kf3 66. Qh4 Nd3
67. Qcd4 1-0

[Event "Titled Tue 10th Jun Early"]
[Site "chess.com INT"]
[Date "2025.06.10"]
[Round "10"]
[White "Gonzalez Menendez, Ivan"]
[Black "Dambaev, Dashi"]
[Result "0-1"]
[WhiteTitle "FM"]
[BlackTitle "CM"]
[WhiteElo "2382"]
[BlackElo "2211"]
[WhiteFideId "2226316"]
[BlackFideId "55628494"]
[EventDate "2025.06.10"]

1. e4 c5 2. Nc3 d6 3. f4 Nc6 4. Nf3 Nf6 5. d4 cxd4 6. Nxd4 g6 7. Be2 Bg7 8. Be3
O-O 9. O-O Qb6 10. Na4 Qc7 11. Nb5 Qa5 12. Nac3 Bd7 13. Bf3 a6 14. Nd4 Nxd4 15.
Bxd4 Bc6 16. e5 dxe5 17. fxe5 Ne8 18. Bxc6 bxc6 19. e6 Rd8 20. Ne2 f5 21. c3 c5
22. b4 cxb4 23. Qb3 bxc3 24. Bxg7 Nxg7 25. Nxc3 Rd3 26. Rac1 Rc8 27. Rf3 Rxf3
28. gxf3 Qc5+ 29. Kg2 Qe3 30. Rc2 Nxe6 31. Nd5 Qg5+ 32. Kh1 Rxc2 33. Qxc2 Kf7
34. Qc4 Kf8 35. Qc8+ Kf7 36. Qd7 Qc1+ 37. Kg2 Qd2+ 38. Kg1 Qd1+ 39. Kf2 Qd2+ 40.
Kf1 Qc1+ 41. Ke2 Qc4+ 42. Kd1 Qd4+ 43. Kc1 Qc5+ 44. Kb1 Qb5+ 45. Qxb5 axb5 46.
Nc3 Nd4 47. f4 Kf6 48. Kc1 e5 49. fxe5+ Kxe5 50. Kd2 f4 51. Kd3 b4 52. Ne4 f3
53. Nf2 Nf5 54. Kc4 Kf4 55. Kxb4 Ke3 56. Ng4+ Ke2 57. a4 h5 58. Nf2 Kxf2 59. a5
Nd4 60. Kc5 Nb3+ 61. Kb4 Nxa5 62. Kxa5 Ke3 63. Kb4 f2 64. Kc5 f1=Q 65. Kd5 Qf5+
66. Kd6 g5 67. Ke7 g4 68. Kd6 h4 69. Ke7 g3 70. hxg3 hxg3 71. Kd6 g2 72. Kc6
g1=Q 73. Kc7 Qc1+ 74. Kb6 Qb2+ 75. Kc6 Qbb5+ 76. Kc7 Qfc5+ 77. Kd8 Qb8+ 78. Kd7
Qbd6+ 79. Ke8 Qe7# 0-1

[Event "Titled Tue 10th Jun Early"]
[Site "chess.com INT"]
[Date "2025.06.10"]
[Round "10"]
[White "Montano Vicente, Guadalupe"]
[Black "Kawka, Milena"]
[Result "0-1"]
[BlackTitle "WCM"]
[WhiteElo "1938"]
[BlackElo "2003"]
[WhiteFideId "5181399"]
[BlackFideId "21095167"]
[EventDate "2025.06.10"]

1. d4 Nf6 2. c4 e6 3. Nc3 Bb4 4. Qc2 O-O 5. g3 d5 6. cxd5 exd5 7. Bg2 c5 8. a3
Bxc3+ 9. Qxc3 cxd4 10. Qxd4 Nc6 11. Qd1 h6 12. Nf3 Bf5 13. O-O Re8 14. b4 Rc8
15. Bb2 Ne4 16. Nd4 Nxd4 17. Qxd4 Qf6 18. Qxf6 Nxf6 19. Bxf6 gxf6 20. Bxd5 Rxe2
21. Bxb7 Rc3 22. a4 Rb2 23. b5 Rcc2 24. Bd5 Rd2 25. Bc6 Bc2 26. a5 Bd3 27. Rfd1
Rxd1+ 28. Rxd1 Bxb5 29. Bxb5 Rxb5 30. Ra1 Kf8 31. Kg2 Rb3 32. Ra4 Ke7 33. Rh4
Rb5 34. Rxh6 Rxa5 35. Rh8 Ra2 36. h4 f5 37. h5 Kf6 38. h6 Kg6 39. Kg1 a5 40. Kg2
a4 41. Kg1 a3 42. Kg2 Rc2 43. Ra8 a2 44. h7 Kxh7 45. Ra7 Kg6 46. Ra6+ f6 47. Ra7
Kg5 48. Ra4 Rd2 49. Ra5 Rb2 50. Ra4 Kg6 51. Ra5 Kg5 52. Ra4 Kh6 53. Ra5 Kg6 54.
Ra4 Kf7 55. Ra6 Kg6 56. Ra5 Rd2 57. Ra6 f4 58. gxf4 Kf5 59. Ra4 Kg4 60. f5+ Kxf5
61. Ra5+ Kg6 62. Ra4 Rb2 63. Ra5 f5 64. Ra4 Kg5 65. Ra6 Kf4 66. Ra4+ Kg5 67. Ra5
Kg4 68. Ra3 f4 69. Ra4 Kf5 70. Ra5+ Kg4 71. Ra4 Rc2 0-1